Datum a čas kvízu

32 Celkem bodů Celkový počet nahraných bodů na tomto kvízu bez doplňovacích otázek.
9. Pořadí na kvízu Konečné umístění týmu na tomto kvízu.

Zaznamenané odpovědi

# Otázka Odpověď Body Výsledky
1. V nabídce jedné plzeňské reali... Zelená Hora, Černí baroni 1
2. Minulý týden jsme se dozvěděli... Magnolia (magnólie) 1
3. Jak zní křestní jméno novoroze... Arnold, třetí potomek 1
4. Ministerstvo dopravy schválilo... D99 0
5. Atmosféra mezi istanbulskými k... José Mourinho 0
6. Miminkovské téma začněme u pro... D 1
7. Nejen lidská miminka se rodí s... mázek 0
8. Ihned na první návštěvě u pedi... vitamín D 1
9. Pro klidný spánek miminka může... bílý šum 1
10. Ve které síti drogerií nakoupí... Rossmann 0